[Event "Gallego-ch U14"]
[Site "Pontedeume A Coruna"]
[Date "2010.02.16"]
[Round "7.4"]
[White "Rodriguez Reboredo, Angel"]
[Black "Chao Vale, Fernando"]
[Result "0-1"]
[WhiteElo "1268"]
[BlackElo "1635"]
[PlyCount "90"]
[EventDate "2010.02.13"]
[EventType "swiss"]
[EventRounds "8"]
[EventCountry "ESP"]
[SourceTitle "EXT 2024"]
[Source "ChessBase"]
[SourceDate "2023.10.10"]
[SourceVersion "1"]
[SourceVersionDate "2023.10.10"]
[SourceQuality "1"]

1. a3 e5 2. e4 Nf6 3. Nc3 Nc6 4. Bc4 Bc5 5. Nf3 d6 6. d3 0-0 7. Bg5 Be6 8. Nd5 Bxd5 9. Bxd5 Rb8 10. 0-0 h6 11. Bh4 Qe7 12. Bxc6 bxc6 13. b4 Bb6 14. a4 a6 15. Qe2 a5 16. bxa5 Bxa5 17. d4 Bc3 18. Bxf6 Qxf6 19. dxe5 Bxe5 20. Nxe5 Qxe5 21. Qc4 c5 22. Qd5 Qxd5 23. exd5 Ra8 24. Ra2 Ra5 25. Rd1 Rfa8 26. Rda1 c4 27. Kf1 Rxd5 28. a5 Ra6 29. Ra4 Rc5 30. Ke2 d5 31. Ke3 Rb5 32. Kd4 f6 33. f4 Kf7 34. g4 Ke7 35. h4 Kd6 36. h5 c5+ 37. Ke3 Rb7 38. Kf3 Rb2 39. Rc1 Kc6 40. Ra3 Ra7 41. g5 fxg5 42. fxg5 Kb5 43. Rca1 d4 44. gxh6 gxh6 45. Ke2 Re7+ 0-1

[Event "Gallego-ch U14"]
[Site "Pontedeume A Coruna"]
[Date "2010.02.15"]
[Round "6.3"]
[White "Pardo Gomez, Jose Ramon"]
[Black "Rodriguez Reboredo, Angel"]
[Result "1-0"]
[WhiteElo "1716"]
[BlackElo "1268"]
[PlyCount "55"]
[EventDate "2010.02.13"]
[EventType "swiss"]
[EventRounds "8"]
[EventCountry "ESP"]
[SourceTitle "EXT 2024"]
[Source "ChessBase"]
[SourceDate "2023.10.10"]
[SourceVersion "1"]
[SourceVersionDate "2023.10.10"]
[SourceQuality "1"]

1. e4 c5 2. b3 d6 3. Bb2 Nf6 4. Nc3 Nc6 5. Bb5 Bd7 6. Nge2 g6 7. Nd5 e5 8. Nxf6+ Qxf6 9. 0-0 a6 10. Bc4 Be6 11. Bxe6 Qxe6 12. f4 Qd7 13. d3 Bg7 14. f5 0-0-0 15. f6 Bh6 16. Nc3 Be3+ 17. Kh1 Bd4 18. Nd5 Kb8 19. c3 Nb4 20. Nxb4 cxb4 21. cxd4 Rhe8 22. Rc1 exd4 23. Bxd4 d5 24. e5 Qb5 25. Rc5 Qd7 26. Qd2 b6 27. Qxb4 Ka7 28. Rxd5 1-0